| 000 | 00603nam a2200217Ia 4500 | ||
|---|---|---|---|
| 003 | OSt | ||
| 005 | 20250307113010.0 | ||
| 008 | 210210b2003 xxu||||| |||| 00| 0 eng d | ||
| 020 | _a81 88478 04 0 | ||
| 040 | _cAL | ||
| 041 | _aKannada | ||
| 082 | _aK894.301 VISH | ||
| 100 |
_aVISHVANATH HULIKAL. _dವಿಶ್ವನಾಥ ಹುಲಿಕಲ್ _9204768 |
||
| 245 |
_aHradaya. _bಹ್ರದಯ |
||
| 260 |
_aDharavada _bManohara Grantha Mala _c2003 |
||
| 300 | _ax,88 | ||
| 650 |
_aKannada short stories _9204769 |
||
| 690 |
_aKannada Fiction _9204770 |
||
| 906 | _aSG04101 | ||
| 942 |
_2ddc _cBK |
||
| 999 |
_c114864 _d114864 |
||